Catalog

Record Details

Catalog Search



The Language and Imagery of the Bible / G.B. Caird. Cover Image Book Book

The Language and Imagery of the Bible / G.B. Caird.

Caird, G.B. (Author). : : (Author).

Record details

  • ISBN: 0-664-21378-2
  • Physical Description: 280 s.
  • Publisher: Philadelphia : The Westminster Press , 1980.

Available copies

  • 1 of 1 copy available at Common Catalog SPOK.

Holds

  • 0 current holds with 1 total copy.
Show Only Available Copies
Location Call Number / Copy Notes Barcode Shelving Location Status Due Date
ETS Library 220.3 424470014257 Volný výběr Available -

LDR 00682nam a2200253 i 4500
00143111
003CZ-PrJAB
00520160311140557.0
007ta
008 s1980 xr e 000 0 cze
020 . ‡a0-664-21378-2
035 . ‡a(CONS)11599
040 . ‡aABG450 ‡bcze ‡erda
072 7. ‡2Konspekt
082 . ‡a220.3
1001 . ‡aCaird, G.B.
1112 . ‡n: ‡d:
24510. ‡aThe Language and Imagery of the Bible / ‡bG.B. Caird.
264 1. ‡a Philadelphia : ‡bThe Westminster Press , ‡c1980.
300 . ‡a280 s.
336 . ‡atext ‡btxt ‡2rdacontent
338 . ‡asvazek ‡bnc ‡2rdacarrier
8524 . ‡bETS ‡bETS ‡cVolný výběr ‡j220.3 ‡p424470014257 ‡y$50.00
910 . ‡aABG450
999 . ‡a11599 ‡c11599 ‡tbiblio
905 . ‡uadmin
901 . ‡a43111 ‡b ‡c43111 ‡tbiblio ‡sets

Additional Resources